| 000 | 00796pam a2200277 a 4500 | ||
|---|---|---|---|
| 001 | 4414075 | ||
| 003 | OSt | ||
| 005 | 20161026153415.0 | ||
| 008 | 930428s1993 enka 001 0 eng c | ||
| 010 | _a 93011193 | ||
| 020 | _a0443047995 | ||
| 040 |
_aDNLM/DLC _cDLC _dDLC |
||
| 050 | 0 | 0 |
_aRG101 _b.G694 1993 |
| 060 | 0 | 0 | _aWP 100 G721g 1993 |
| 082 | 0 | 0 |
_aWP 100 G747g 1993 _220 |
| 100 | 1 |
_aGovan, Alasdair D. T; Hart, D. McK.; Callander, Robin _93452 |
|
| 245 | 1 | 0 | _aGynaecology Illustrated |
| 250 | _a4th ed. | ||
| 260 |
_aEdinburgh ; _bChurchill Livinstone, _c1993. |
||
| 300 |
_av, 502 p. : _bcol.ill. ; _c25 cm. |
||
| 504 | _aIncludes index. | ||
| 650 | 0 |
_aGynecology. _91956 |
|
| 650 | 0 |
_aGaecology _911251 |
|
| 906 |
_a7 _bcbc _corignew _d1 _eocip _f19 _gy-gencatlg |
||
| 942 |
_2z _cSLOAN |
||
| 999 |
_c1294 _d1294 |
||